15 Famous People from Chile - Statistics

General Stats
  • This quiz has been taken 52 times
  • The average score is 7 of 15
Answer Stats
Hint Answer % Correct
President of the Chilean Military Junta from 1973 to 1981 Augusto Pinochet
81%
Poet-diplomat and politician who won the Nobel Prize for Literature in 1971 Pablo Neruda
75%
Physician and later president of Chile who commited suicide Salvador Allende
75%
Footballer and Chile’s all-time leading goalscorer Alexis Sanchez
69%
Actor who played in Game of Thrones, Narcos and the Mandalorian Pedro Pascal
60%
UN Commissioner for Human Rights and first elected female leader in South America Michelle Bachelet
58%
Goalkeeper who played for Real Sociedad, Barcelona and Manchester City Claudio Bravo
54%
Footballer who played as a striker for Real Madrid and Inter Ivan Zamorano
48%
Football coach who managed Villareal, Real Madrid and Manchester City Manuel Pellegrini
44%
Leader who freed Chile from Spanish rule in the Chilean War of Independence Bernardo O'Higgins
40%
Tennis player and only Chilean to win gold, silver and bronze medals at the Olympics Fernando González
40%
First Latin American player to reach the top position on the ATP rankings in 1998 Marcelo Rios
40%
Director of the 2001 movie the Others starring Nicole Kidman Alejandro Amenabar
15%
Chilean-born American comedian who was a cast member on Saturday Night Live Horatio Sanz
10%
Actress who played the title role in the 1999 television film Cleopatra Leonor Varela
8%
No matching quizzes found
Score Distribution
Percent of People with Each Score
Percentile by Number Answered
Your Score History
You have not taken this quiz